1843 1752 1768 1266 1211 1494 1357 1750 1047 1728 1545 1701 1218 1416 1815 1657 1438 1794 1324 1254 1132 1777 1936 1482 1880 1904 1159 1454 1762 1972 1235 1234 1037 1879 1087 1898 1880 1710 1201 1799 1402 1505 1306 1940 1829 1646 1541 1736 1908 1940 1747 1214 1511 1442 1116 1793 1943 1081 1256 1318 1933 1147 1844 1051 1499 1746 1828 1873 1885 1051 1556 1521 1141 1749 1622 1482 1030 1027 1514 1625 1069 1259 1331 1235 1447 1217 1131 1502 1339 1670 1317 1516 1783 1222 1622 1309 1218 1589 1701 BCNSPRNW ULIB Ver.6.0+V

เปลี่ยนเป็นภาษาไทย

Change to English
 แสดงรายละเอียดบรรณานุกรม
  กลับหน้าหลัก

Brief Record : Get Marc (ISO 2709) : E-mail record : QR code < ปิดหน้าต่าง
LEADER : 00000nam 2200000uu 4500
001    13399124737
003     ULIB
008    160210s2558||||th 000 0 tha d
099    ^aวจ.WE720^bจ652ค
100 0  ^aุจุไรพร โสภาจารีย์
245 00 ^aอาการปวดหลังส่วนล่างและปัจจัยที่เกี่ยวข้องของครูมัธยมในประเทศไทย /^cจุไรพร โสภาจารีย์
246    ^aLow back Pain and associated risk factors among high school teachers in Thailand.
260    ^aนนทบุรี:^bสถาบันพระบรมราชชนก,^c2558
300    ^a76 หน้า
650  0 ^aปวดหลังส่วนล่าง^xวิจัย
945    ^p0^l0^i23270
945    ^p0^l0^i001403
999    ^aทศพร เกษรทอง
รายการนี้ยังไม่มีแท็ก
คุณยังไม่ได้ล็อกอิน คุณสามารถมีกิจกรรมร่วมกับเว็บไซต์ได้ แต่ต้องล็อกอินก่อน ::
  ล็อกอิน

รายการสื่อสารสนเทศ

ลำดับที่ ประเภท เลขเรียก/บาร์โค้ด สถานที่ สถานะ
1. งานวิจัย
งานวิจัย
วจ.WE720 จ652ค ฉ.1 
  Barcode: 23270
ห้องสมุดวิทยาเขตนครสวรรค์
►วิจัย:l:Research Room
บนชั้น
2. งานวิจัย
งานวิจัย
วจ.WE720 จ652ค ฉ.2 
  Barcode: 001403
ห้องสมุดวิทยาเขตสวรรค์ประชารักษ์
►วิจัย
บนชั้น

รายการใกล้เคียง
    ผู้แต่ง [ุจุไรพร โสภาจารีย์]

BibComment


ยังไม่เคยถูกคอมเมนท์

คอมเมนท์ทรัพยากรรายการนี้
  คอมเมนท์: อาการปวดหลังส่วน..


 Copyright 2026. Bcnsprnw @Library